Quizzes
Events
Quiz Creation
Community
Videos
Private Events
Remove Ads
Sign In
Join for FREE
Feedback
Dark Mode
Quiz Categories
Sports
Geography
Music
Movies
Television
Just For Fun
Miscellaneous
History
Literature
Language
Science
Gaming
Entertainment
Religion
Holiday
For Kids
Quiz Lab
Recent
Popular Today
Quiz Kudos Today
Editor Picks
Curator Picks
Quizzes by...
Day
Popularity
Type
Ratings
Length
Year
Community
Subscriptions
Recent Discussions
Orange Saloon
Badges
Playlists
Quests
Create
Leaderboards
Showdown
Live 5
Trivia Bingo
Activity
Puzzle Library
Sporcle Events
Private Events
Virtual Trivia
Globe League
Become a Host
Pub Owners
SporcleCon
Opinionation
Our Games
Videos
Blog
Mobile Apps
Partnerships
Remove Ads and Go Orange
Feedback
Entertainment
Celebrity
Famous
Musical
Broadway
Show
Quote
Comic Books
Anime
Superhero
DC Comics
Marvel
Cartoons
Animation
Entertainment
Celebrity
Famous
Musical
Broadway
Show
Quote
Comic Books
Anime
Superhero
DC Comics
Marvel
Cartoons
Animation
Random Quiz
Search Sporcle
×
Quiz Lab
Quiz Lab
Entertainment
Marvel
Type in answers that appear in a list
Type in answers that appear in a list
Classic
Best Score? Go Orange.
Marvel Comics Civil War Major Characters Stats
Can you name the Marvel Comics Civil War Key Characters?
By
citronlmb
10m
32 Questions
1,284 Plays
1,284 Plays
1,284 Plays
Comments
Comments
Give Quiz Kudos
Give Quiz Kudos
-
- Ratings
hide this ad
Replay
Link that replays current quiz
Next Quiz
Link to next quiz in quiz playlist
You Got
0%
They Got
Avg Score
47%
Avg Friend Score
Upgrade to see
Score Distribution
Jump to the score distribution portion of the page
Score
0/32
Timer
10:00
1
Play Today
Character
% Correct
Iron Man
99.3%
Captain America
98.3%
Spider-Man
93.2%
Mr. Fantastic
75.2%
Invisible Woman
74.5%
Thor Clone
73.4%
Human Torch
70%
Henry Pym
69.2%
Maria Hill
66.2%
The Thing
65.6%
Daredevil
64.6%
Wolverine
60%
Nick Fury
59.1%
Luke Cage
56.4%
Black Goliath
55.1%
Speedball
50.5%
Character
% Correct
Nitro
48.4%
She-Hulk
46.5%
Falcon
44.9%
Green Goblin
44.5%
Ms. Marvel
44.1%
Tigra
30.7%
Ben Urich
27.8%
Baron Zemo
25.1%
Hulkling
24.5%
Wonder Man
23.4%
Miriam Sharpe
7.2%
Prodigy
6.7%
Sally Floyd
5.1%
Bantam
3.2%
Thunderclap
2.7%
Walter Declun
2.3%
Quiz Playlist
Details
Report
Send in Message
Add To Playlist
Classic:
Type in answers that appear in a list
Last Updated: Feb 16, 2017
Quiz Scoreboard
CHALLENGE
Sign Up to Join the Scoreboard
Show All
Scores
Hide
Comments
May contain spoilers
Recently Published
9x9 Crossword: Cartoon Network
by jackfrog10
Miscellaneous
3m
College Basketball Coaching Resumes
by pancakes188
Sports
9m
Billboard Blitz: Fleetwood Mac
by CooCooCachoo
Music
15s
More to Explore
Quiz From the Vault
Featured Blog Post
Where Did the Easter Bunny Come From?
hide this ad
You Might Also Like...
Tags
Comic Books Quiz
Marvel Quiz
Avengers
Avengers Members
Avengers Roster
Captain America
Comic Character
Iron Man
Marvel Characters
Wolverine
X-Men
Today's Top Quizzes in Entertainment
Browse Entertainment
hide this ad
Today's Top Quizzes in Marvel
Browse Marvel
Top Contributed Quizzes in Entertainment
1
7-to-1: DC Comics Villains
2
Marvel Characters Bunker
3
Eurovision 2023 Logic Puzzle
4
Dragon Ball Z: Goku's Fights in Order
5
Sorting Pictures: Villains
6
Criteria Quickie: Cartoon Taxonomy II
7
Mini Trivia Sudoku: Musicals
8
Kamen Rider Motifs
9
Fictional Villains Letter U Blitz
10
7-to-1: One Piece
Explore More
Trending Topics
Harry Potter
Kpop
Disney
Crossword
Anime
NBA
Marvel
NFL
WWE
Country
Puzzle
Soccer
Pokémon
The Office
Song
hide this ad
More By:
citronlmb
Quiz
Plays
Rating
Category
Featured
Created
Marvel superheroes with super strength
1,513
2.05
Entertainment
Jun 24, 2010
Karate Kid Villains
1,372
4.50
Movies
Apr 24, 2010
Marvel Comics Civil War Major Characters
1,284
4.40
Entertainment
May 27, 2012
Villainous Actors
86
Movies
Apr 23, 2010
Movie Swordfighters
38
1.50
Movies
Mar 28, 2011
Go to Creator's Profile
Score Distribution
Quiz Creator Spotlight
citronlmb
Follow
Send a Message
Quizzes Created
-
Created Quiz Play Count
-
More By This Creator
Popular Quizzes Today
1
Find the US States - No Outlines Minefield
2
Find the Countries of Europe - No Outlines Minefield
3
The Countries of the World
4
Find the US States
5
Risky Map Clicking: Biggest States A-Z
6
US States
7
Popular People in 1961
8
Movies - When Are They Set?
More Entertainment Quizzes
Haikyuu!! Characters By Hinata's Nicknames
Quiz Lab
Trending Quizzes
Risky Map Clicking: Least Populous States A-Z
1-10 Letter G Words
1-10 Letter F Words
Risky Map Clicking: Next State Alphabetically
Adjectives in 80s TV Shows
Recently Updated
Leaping Animals
pecheneg
Reality TV Shows (A-Z)
bhenderson79
Rickey Henderson's Hall of Fame Teammates
pecheneg
Champions League XIs: Arsenal
pecheneg
Quick Pick: Celebrities in WWE's Hall of Fame
aduchscher
A-Z Keypad Blitz II
pecheneg
Multiple Oscar Actors
pecheneg
Mystery Phrase Blitz: Oscar 'Best Actors'
pecheneg
F. Scott Fitzgerald Novels
LTH
Pick 3 Villains
ddd62291
Trending Topics
NBA
Harry Potter
Kpop
Anime
Marvel
Crossword
Disney
Soccer
The Office
Pokémon
WWE
Puzzle
NFL
Country
Song
Your Account Isn't Verified!
In order to create a playlist on Sporcle, you need to verify the email address you used during registration. Go to your
Sporcle Settings
to finish the process.
Report this User
Report this user for behavior that violates our
Community Guidelines
.
Details:
Send Report
Go to the Sporcle.com Mobile Site →
Comments